Bankové úvery a ekonomický rast v podmienkach SR

Zhodnotenie vývoja bankových úverov domácnostiam a nefinančným korporáciám vo vzťahu k ekonomickému rastu v SR v období od roku 2006 po súčasnosť. Metodologicky okrem analýzy časových radov prostredníctvom grafického aparátu príspevok prezentuje aj výsledky regresnej analýzy.

Na minha lista:
Detalhes bibliográficos
Autor principal: Kotlebová, Jana, 1969-
Outros Autores: Širaňová, Mária
Formato: Capítulo de Livro
Idioma:eslovaco
Assuntos:
Tags: Adicionar Tag
Sem tags, seja o primeiro a adicionar uma tag!

MARC

LEADER 00000nla a2200000 4500
001 0179364
005 20240502073040.5
041 0 |a slo 
044 |a SK 
245 1 0 |a Bankové úvery a ekonomický rast v podmienkach SR  |c Jana Kotlebová, Mária Širaňová 
520 |a Zhodnotenie vývoja bankových úverov domácnostiam a nefinančným korporáciám vo vzťahu k ekonomickému rastu v SR v období od roku 2006 po súčasnosť. Metodologicky okrem analýzy časových radov prostredníctvom grafického aparátu príspevok prezentuje aj výsledky regresnej analýzy. 
610 2 0 |a domácnosti 
610 2 0 |a organizácie nefinančné 
610 2 0 |a úver bankový 
610 2 0 |a rast hospodársky 
610 2 0 |a Slovensko 
610 2 0 |a analýza radov časových 
610 2 0 |a analýza regresná 
100 1 |a Kotlebová, Jana, 1969- 
700 1 |a Širaňová, Mária